The Caribbean agenda and self-reliance

Պահպանված է:
Մատենագիտական մանրամասներ
Հիմնական հեղինակ: Nicholls, Neville
Համատեղ հեղինակ: Caribbean Development Bank
Ձևաչափ: Տեքստ
Հրապարակվել է: CDB
Ցուցիչներ: Ավելացրեք ցուցիչ
Չկան պիտակներ, Եղեք առաջինը, ով նշում է այս գրառումը!

MARC

LEADER 00000 a a2200000 04500
001 24005
003
040
090 |a 170300  
100 |a Nicholls, Neville  
110 |a Caribbean Development Bank  
245 |a The Caribbean agenda and self-reliance  
260 |a CDB  
300 |a 12 p.  
999 |c 13379  |d 13379